000
00335nam a22001577a 4500
003
SGT
020
_a
978-93-325-3673-9
082
_a
150
_b
C14S
100
_a
SOLSO, ROBERT L.
245
_a
COGNITIVE PSYCHOLOGY
250
_a
8TH
260
_a
INDIA
_b
PEARSON
_c
2014
300
_a
530
650
_a
PSYCHOLOGY
942
_2
ddc
_c
BK
_0
17
999
_c
10659
_d
10659